Confirmation of valuation error and BIAS: analysis of privatisation transactions in Zambia (Record no. 104984)
[ view plain ]
| 000 -LEADER | |
|---|---|
| fixed length control field | 02030cam a2200169 4500 |
| 001 - CONTROL NUMBER | |
| control field | ##L132041 |
| 008 - FIXED-LENGTH DATA ELEMENTS--GENERAL INFORMATION | |
| fixed length control field | 051221n2003 000 0 eng u |
| 035 ## - SYSTEM CONTROL NUMBER | |
| System control number | (Sirsi) u132041 |
| 041 0# - LANGUAGE CODE | |
| Language code of text/sound track or separate title | eng |
| 100 1# - MAIN ENTRY--PERSONAL NAME | |
| Personal name | Musole, Maliti |
| 245 00 - TITLE STATEMENT | |
| Title | Confirmation of valuation error and BIAS: analysis of privatisation transactions in Zambia |
| 260 ## - PUBLICATION, DISTRIBUTION, ETC. | |
| Place of publication, distribution, etc. | London |
| Name of publisher, distributor, etc. | RICS |
| Date of publication, distribution, etc. | 2003 |
| 520 ## - SUMMARY, ETC. | |
| Summary, etc. | This study is concerned with the correlation between valuations and prices. The study will particularly examine whether the valuations (for a wider and diverse range of properties) undertaken by independent valuers on behalf of the Zambia Privatisation Agency (herein after, ZPA) are accurate reflection of the market prices. Previous studies indicate that valuations are a good proxy for market prices. This hypothesis will be put to test once again, but in a different property market setting. This study will also endeavour to highlight, where distortions of the correspondence between valuations and prices have arisen, the possible causes of such distortions. The method of privatisation and asset disposal, for instance, could have had a bearing on the non-correspondence of valuations and prices. Alternatively, the valuation-price discrepancies could have arisen out of valuation error and bias, or other causes. In this study we are particularly interested in the existence and extent of valuation error and/or bias. The initial study done earlier (Musole 1998) detected a sizeable amount of valuation error, but valuation bias was found to be virtually non-existent (in congruent with tentative findings of similar studies done previous in the UK). In this regard, this study (being much more rigorous and based on a larger database) will serve as a confirmation or refutation of the existence of valuation error or bias in the valuation process as alleged by certain sections of the public in Zambia. |
| 520 ## - SUMMARY, ETC. | |
| Summary, etc. | This item is no longer available. |
| 690 ## - LOCAL SUBJECT ADDED ENTRY--TOPICAL TERM (OCLC, RLIN) | |
| Topical term or geographic name as entry element | PROPERTY-PROPERTY VALUATION AND APPRAISAL-VALUATION ACCURACY |
| 942 ## - ADDED ENTRY ELEMENTS (KOHA) | |
| Suppress in OPAC | 0 |
| Withdrawn status | Lost status | Source of classification or shelving scheme | Damaged status | Not for loan | Home library | Current library | Shelving location | Date acquired | Total Checkouts | Full call number | Barcode | Date last seen | Copy number | Price effective from | Koha item type |
|---|---|---|---|---|---|---|---|---|---|---|---|---|---|---|---|
| Dewey Decimal Classification | Virtual | Virtual | Online | 21/12/2005 | ONLINE PUBLICATION | 132041-1001 | 06/08/2019 | 1 | 06/08/2019 | Book |